Brückenrätsel #1 - Statistiken

Allgemein
  • Dieses Quiz wurde 1.923 mal gespielt
  • Das Durchschnittsergebnis liegt bei 6 aus 14
Antwortstatistiken
1. Wort Brückenwort 2. Wort % Korrekt
Zebra Streifen Hörnchen 8
89%
Ring Finger Kuppe 6
86%
Dieb Stahl Beton 5
77%
Eigen Tor Bogen 3
51%
Paradies Vogel Warte 5
50%
Verkehrs Insel Staat 5
45%
Freizeit Park Scheibe 4
38%
Kuh Fladen Brot 6
34%
Hasel Maus Taste 4
22%
Gesetz Geber Laune 5
21%
Katzen Jammer Tal 6
19%
Angler Latein Lehrer 6
16%
Hinter Grund Gebühr 5
13%
Kaffee Service Wüste 7
11%
Keine übereinstimmenden Quizze gefunden
Verteilung der Resultate
Anzahl Personen mit jedem Resultat
Perzentil nach korrekt beantworteten Fragen
Ihre Resultats-Entwicklung
Sie haben dieses Quiz noch nicht gespielt